000 00483nam a22001937a 4500
003 MPLRDC
005 20220104143931.0
008 210129b ||||| |||| 00| 0 eng d
020 _a983-2172-06-3
082 _a312.96 LZG-2 v.3 c.2
100 _a赖昭光编著
245 _a网络行销
_c
250 _a初版
260 _a
_b大众科技
_c1999
300 _b
490 _a上网做生意. 3
650 _a微程式设计与程式
942 _cBK
_o312.96 LZG-2 v.3 c.2
999 _c44772
_d44762